000 00761nam a2200229 i 4500
001 83819
003 ES-MaACL
005 20250829063016.0
007 t|
008 041118s1968 sp ||||1| spa d
245 0 0 _aIsrael y los árabes
_b: el tercer combate /
_cEric Rouleau... [et al.] ; [versión de Javier Costa Clavell].
250 _a[1ª ed.].
260 _a[Barcelona :
_bLlibres de Sinera,
_c1968]
300 _a270 p. ;
_c17 cm.
490 1 _aColeccion "Jarama" ;
_v2
650 0 4 _aGuerra árabe-israelí, 1967.
_913180
700 1 _aRouleau, Eric.
_9100024
700 1 _aCosta Clavell, Xavier,
_d1923-2006
_941089
830 0 _aColeccion "Jarama" ;
_v2
_9231641
852 _aES-MaACL
_jC-36104
_bR.66741
999 _c83819
_d83819